Compêndio de Zoologia para o 2º ciclo liceal
Gespeichert in:
| 1. Verfasser: | |
|---|---|
| Format: | keine Angabe |
| Sprache: | Portugiesisch |
| Erschienen: |
Porto
Porto Editora
1959-
|
| Ausgabe: | 3ª ed |
| Katalog: | MANES: Suchergebnis im Bibliothekskatalog |
| Schulbuchspezifische Eigenschaften: |
|
| Tags: |
Tag hinzufügen
Keine Tags, Fügen Sie den ersten Tag hinzu!
|
| Hinzugefügt zu: | 26.04.2016 |
| Geändert in: | 25.04.2025 |
MARC
| LEADER | 000000000a22000000004500 | ||
|---|---|---|---|
| 001 | 30635 | ||
| 003 | OSt | ||
| 005 | 20250425111545.0 | ||
| 008 | 160427s pt ||||| |||| 00| 0 por d | ||
| 040 | |c centro_manes | ||
| 041 | 1 | |a por | |
| 100 | 1 | |a Soeiro, Augusto C. G. |9 15992 | |
| 245 | 0 | 0 | |a Compêndio de Zoologia para o 2º ciclo liceal |
| 250 | |a 3ª ed | ||
| 260 | 3 | |a Porto |b Porto Editora |c 1959- | |
| 300 | |a v.; |c 21 cm | ||
| 500 | |a 1º v. : 91, [1] p., [30] f. | ||
| 561 | |5 pt-BNP |a Portugal. Biblioteca Nacional de Portugal |k MANES | ||
| 690 | |a CN | ||
| 691 | |a SE | ||
| 942 | |2 ddc |c BK | ||
| 546 | |a Portugal | ||
| 999 | |c 32097 |d 32097 | ||
| 999 | |c manes:32097 |d 32097 | ||